000 00351nam a2200133Ia 4500
005 20251222144641.0
008 251222s9999||||xx |||||||||||||| ||spa||
020 _a3-7954-1192-0
082 _a270.94/F53
100 _aFiocchi Nicolai, Vincenzo
245 0 _aLe catacombe cristiane di Roma:
264 _bVerlag Schnell & Steiner GmbH
942 _cLIB
999 _c16669
_d16669